000 00355nam a2200145Ia 4500
008 230312s9999||||xx |||||||||||||| ||und||
020 _a0-387-25627-x
082 _a006.6
_bMUN-M
100 _aMuneesawang;P
245 0 _aMultimedia Database retrieval
260 _bSpringer
_auk
_c2006
300 _a186
650 _aEngineering
_vAvionics
942 _cBK
999 _c12369
_d12369